000 00319nam a2200133Ia 4500
005 20260328101525.0
008 260328s9999||||xx |||||||||||||| ||und||
100 _aSchulze, Sabine
245 0 _aApple Design /
_cSabine Schulze
260 _bHatje Cantz
300 _a319 p.
650 _aDISEÑO INDUSTRIAL
942 _cBK
999 _c9756
_d9756